Transdex : bibliography and index to the United States Joint Publications Information Service (JPRS) publications.
| New Title: | Bell & Howell transdex |
|---|---|
| Previous Title: | JPRS catalog cards in book form China & Asia (exclusive of Near East) International developments (Africa, Latin America, Near East, International Communist Developments) East Europe (Albania, Bulgaria, Czechoslovakia, East Germany, Hungary, Poland, Rumania, Yugoslavia) Soviet Union (Annapolis, Md.) |
| Corporate Author: | |
| Format: | Journal |
| Language: | English |
| Published: |
New York :
CCM Information.
|
| Subjects: | |
| Online Availability: |
|
MARC
| Tag | First Indicator | Second Indicator | Subfields |
|---|---|---|---|
| LEADER | 00000cas a2200000 a 4500 | ||
| 001 | in00000057458 | ||
| 005 | 20151007082132.0 | ||
| 008 | 760217d19701975nyuqr p i 0 a0eng d | ||
| 010 | |a 77612605 | ||
| 016 | 7 | |a T18580000 |2 DNLM | |
| 019 | |a 2268668 |a 7442769 | ||
| 022 | |a 0041-1116 |2 1 | ||
| 029 | 1 | |a AU@ |b 000003293492 | |
| 035 | |a (OCoLC)ocm01997439 | ||
| 035 | |a (OCoLC)01997439 | ||
| 035 | |9 AAF7420AM | ||
| 035 | |a (OCoLC)1997439 |z (OCoLC)2268668 |z (OCoLC)7442769 | ||
| 040 | |a NSD |c NSD |d UCU |d DLC |d NSD |d MUL |d OCL |d NLM |d AGL |d OCL |d NST |d OCL |d AGL |d IUL |d UtOrBLW | ||
| 042 | |a nsdp |a lcd | ||
| 049 | |a [Doc] TXAE | ||
| 050 | 0 | 0 | |a Z7403 |b .C38 |
| 060 | 0 | 4 | |a Z 6514.T7 |b T11 |
| 210 | 0 | |a Transdex | |
| 222 | 0 | |a Transdex | |
| 245 | 0 | 0 | |a Transdex : |b bibliography and index to the United States Joint Publications Information Service (JPRS) publications. |
| 246 | 3 | 0 | |a Bibliography and index to the United States Joint Publications Research Service (JPRS) translations |
| 264 | 1 | |a New York : |b CCM Information. | |
| 300 | |a 4 volumes ; |c 28 cm. | ||
| 310 | |a Quarterly (3 nos. per issue), with annual cumulations, |b fiscal 1972/1973-1973/1974. | ||
| 321 | |a Monthly, with semiannual cumulations, |b 1970-June 1972 | ||
| 336 | |a text |b txt |2 rdacontent | ||
| 337 | |a unmediated |b n |2 rdamedia | ||
| 338 | |a volume |b nc |2 rdacarrier | ||
| 362 | 0 | |a Vol. 9, no. 1- | |
| 362 | 1 | |a Ceased with v. 12, no. 10, 11 & 12, c1975. | |
| 500 | |a Latest issue consulted: volume 12, number 4, 5, & 6, published 1974. | ||
| 500 | |a Monthly, with semiannual cumulations. | ||
| 580 | |a Formed by the merger of: JPRS catalog cards in book form; China & Asia (exclusive of Near East); International developments (Africa, Latin America, Near East, International Communist Developments); East Europe (Albania, Bulgaria, Czechoslovakia, East Germany, Hungary, Poland, Rumania, Yugoslavia); and: Soviet Union (Annapolis, Md.) | ||
| 610 | 1 | 0 | |a United States. |b Joint Publications Research Service |v Indexes. |
| 650 | 0 | |a Translations |v Indexes. | |
| 650 | 0 | |a Translations |x Indexes. | |
| 710 | 1 | |a United States. |b Joint Publications Research Service. | |
| 780 | 1 | 4 | |t JPRS catalog cards in book form |w (DLC) 2005238121 |w (OCoLC)1768463 |
| 780 | 1 | 4 | |t China & Asia (exclusive of Near East) |w (DLC) 2005238124 |w (OCoLC)7531335 |
| 780 | 1 | 4 | |t International developments (Africa, Latin America, Near East, International Communist Developments) |w (DLC) 2005238119 |w (OCoLC)10898997 |
| 780 | 1 | 4 | |t East Europe (Albania, Bulgaria, Czechoslovakia, East Germany, Hungary, Poland, Rumania, Yugoslavia) |w (DLC) 2005238123 |w (OCoLC)10898925 |
| 780 | 1 | 4 | |t Soviet Union (Annapolis, Md.) |w (DLC) 2005238126 |w (OCoLC)5979610 |
| 785 | 0 | 0 | |t Bell & Howell transdex |w (DLC) 2005238121 |w (OCoLC)2155834 |
| 850 | |a DLC |a MoKU |a NSyU |a NcRS |a PU | ||
| 948 | |a t1 | ||
| 994 | |a C0 |b TXA | ||
| 999 | |a MARS | ||
| 999 | f | f | |s f8abc984-0b48-3952-afda-ff7f94e4d080 |i 6643092e-6b7a-35bf-bfe5-45005d588eef |t 0 |
| 952 | f | f | |p ric |a Texas A&M University |b Rellis Campus |c Joint Library Facility |d Remote Storage |t 0 |e AS36 .U574 |h Library of Congress classification |i unmediated -- volume |k v.12:no.4/6 |l 1974 |m A14824878171 |
| 952 | f | f | |p ric |a Texas A&M University |b Rellis Campus |c Joint Library Facility |d Remote Storage |t 0 |e AS36 .U574 |h Library of Congress classification |i unmediated -- volume |k v.12:no.10/12 |l 1974 |m A14824878278 |
| 952 | f | f | |p ric |a Texas A&M University |b Rellis Campus |c Joint Library Facility |d Remote Storage |t 0 |e AS36 .U574 |h Library of Congress classification |i unmediated -- volume |k v.12:no.1/3 |l 1974 |m A14824878121 |
| 952 | f | f | |p ric |a Texas A&M University |b Rellis Campus |c Joint Library Facility |d Remote Storage |t 0 |e AS36 .U574 |h Library of Congress classification |i unmediated -- volume |k v.10 |l 1971:July/1972:June |m A14820903241 |
| 952 | f | f | |p ric |a Texas A&M University |b Rellis Campus |c Joint Library Facility |d Remote Storage |t 0 |e AS36 .U574 |h Library of Congress classification |i unmediated -- volume |k v.9:no.2 |l 1971:Jan.-June |m A14820903097 |
| 952 | f | f | |p ric |a Texas A&M University |b Rellis Campus |c Joint Library Facility |d Remote Storage |t 0 |e AS36 .U574 |h Library of Congress classification |i unmediated -- volume |k v.12:no.7/9 |l 1974 |m A14824878228 |
| 952 | f | f | |p ric |a Texas A&M University |b Rellis Campus |c Joint Library Facility |d Remote Storage |t 0 |e AS36 .U574 |h Library of Congress classification |i unmediated -- volume |k v.9:no.1 |l 1970:July-Dec. |m A14820903194 |
| 952 | f | f | |p ric |a Texas A&M University |b Rellis Campus |c Joint Library Facility |d Remote Storage |t 0 |e AS36 .U574 |h Library of Congress classification |i unmediated -- volume |k v.11 |l 1972:July/1973:June |m A14833769583 |
| 998 | f | f | |a AS36 .U574 |s v.9-12 (1970:July-1974) |t 0 |l Remote Storage |